Normal view
MARC view
- France
Entry Geographic Name
001 - CONTROL NUMBER
- control field: 23694
003 - CONTROL NUMBER IDENTIFIER
- control field: KE-NaSUL
005 - DATE AND TIME OF LATEST TRANSACTION
- control field: 20250825143603.0
008 - FIXED-LENGTH DATA ELEMENTS
- fixed length control field: 250825|| aca||aabn | a|a d
040 ## - CATALOGING SOURCE
- Original cataloging agency: KE-NaSUL
- Transcribing agency: KE-NaSUL
151 ## - HEADING--GEOGRAPHIC NAME
- Geographic name: France
- General subdivision: History
- Chronological subdivision: Second Empire, 1852-1870
670 ## - SOURCE DATA FOUND
- Source citation: Work cat.: (KE-NaSUL)14983: Thompson, J. M. 23692, Louis Napoleon and the Second Empire., 1955.